Աստուածաշունչ ։ Նոր Կտակարան ։ Բ - Գործք Առաքելոց. Թուղթք Երանելոյն Պօղոսի Առաքելոյ ։ Թուղթք Կաթուղիկեայց: Տեսիլք Յօհաննու / (Record no. 52707)
[ view plain ]
| 000 -LEADER | |
|---|---|
| fixed length control field | 01635nam a2200205Ia 4500 |
| 003 - CONTROL NUMBER IDENTIFIER | |
| control field | SEM |
| 005 - DATE AND TIME OF LATEST TRANSACTION | |
| control field | 20241010103639.0 |
| 008 - FIXED-LENGTH DATA ELEMENTS--GENERAL INFORMATION | |
| fixed length control field | 141116s1700 pl ||||gr||||||01|||arm|d |
| 040 ## - CATALOGING SOURCE | |
| Original cataloging agency | SEM |
| Transcribing agency | SEM |
| 041 0# - LANGUAGE CODE | |
| Language code of text/sound track or separate title | arm |
| 245 ## - TITLE STATEMENT | |
| Title | Աստուածաշունչ ։ Նոր Կտակարան ։ Բ - Գործք Առաքելոց. Թուղթք Երանելոյն Պօղոսի Առաքելոյ ։ Թուղթք Կաթուղիկեայց: Տեսիլք Յօհաննու / |
| 260 ## - PUBLICATION, DISTRIBUTION, ETC. | |
| Place of publication, distribution, etc. | Յամստէլրօդամ ։ |
| -- | [Ամստերդամ] ։ |
| Name of publisher, distributor, etc. | տպ. Թովմաս Վանանդեցու, |
| Date of publication, distribution, etc. | 1698-1700. |
| 300 ## - PHYSICAL DESCRIPTION | |
| Extent | 537 էջ ; |
| Other physical details | նկ․ ; |
| Dimensions | Շարվ. չափը շրջանակով՝ 11,2X6,1 սմ |
| -- | 14 սմ |
| 500 ## - GENERAL NOTE | |
| General note | 432, 1 չհ, 537 (=970) գծափակ էջ։ Տասներկուծալ, մամուլանիշերը հայատառ և արաբական թվանշաններով։ Շարվ. չափը շրջանակով՝ 11.2x6.1 սմ։ Էջախորագրերով և լուսանցանիշերով։ Տիտղթ. գծափակ։ 15 փորագիր պատկեր, 132-րդ էջի պատկերի վրա փորագրողի՝ Քրիստոֆել վան Զիխեմի անվանատառերը։ Գլխազարդեր և վերջազարդեր։ Բնագիրը 8 կետաչափի բոլորագրով, օգտագործված են նաև նոտրգիր և գլխագրեր։ |
| 650 ## - SUBJECT ADDED ENTRY--TOPICAL TERM | |
| Topical term or geographic name entry element | Աստվածաշունչ |
| General subdivision | Նոր Կտակարան |
| 650 ## - SUBJECT ADDED ENTRY--TOPICAL TERM | |
| Topical term or geographic name entry element | Նոր Կտակարան |
| General subdivision | Գործք առաքելոց |
| 653 ## - INDEX TERM--UNCONTROLLED | |
| Uncontrolled term | ՍԷՄ |
| 856 ## - ELECTRONIC LOCATION AND ACCESS | |
| Uniform Resource Identifier | <a href="http://greenstone.flib.sci.am/gsdl/collect/armenian/Books/nor_ktakaran_index.html">http://greenstone.flib.sci.am/gsdl/collect/armenian/Books/nor_ktakaran_index.html</a> |
| Link text | Կարդալ առցանց |
| 942 ## - ADDED ENTRY ELEMENTS (KOHA) | |
| Source of classification or shelving scheme | Dewey Decimal Classification |
| Koha item type | Գրքեր/Books |
| Withdrawn status | Lost status | Source of classification or shelving scheme | Damaged status | Not for loan | Collection code | Home library | Current library | Date acquired | Cost, normal purchase price | Inventory number | Total Checkouts | Full call number | Barcode | Date last seen | Price effective from | Koha item type | Public note |
|---|---|---|---|---|---|---|---|---|---|---|---|---|---|---|---|---|---|
| Dewey Decimal Classification | Հնատիպ ֆոնդ | Մայր Աթոռ Սուրբ Էջմիածին «Վաչե և Թամար Մանուկյան» Մատենադարան | Մայր Աթոռ Սուրբ Էջմիածին «Վաչե և Թամար Մանուկյան» Մատենադարան | 16/09/2015 | 93045.00 | Հնտ-14 | Հնտ-14 | Հնտ-14 | 16/09/2015 | 16/09/2015 | Հնատիպներ/Rare Books | Չի սպասարկվում |